Dukes' physiology domestic animals (Record no. 26896)

MARC details
000 -LEADER
fixed length control field 00378nam a22001457a 4500
003 - CONTROL NUMBER IDENTIFIER
control field OSt
005 - DATE AND TIME OF LATEST TRANSACTION
control field 20220113151120.0
008 - FIXED-LENGTH DATA ELEMENTS--GENERAL INFORMATION
fixed length control field 220113b |||||||| |||| 00| 0 eng d
040 ## - CATALOGING SOURCE
Transcribing agency Hawassa university
050 ## - LIBRARY OF CONGRESS CALL NUMBER
Classification number 636.0892/DUK
082 ## - DEWEY DECIMAL CLASSIFICATION NUMBER
Edition number Ninth edition
Classification number 636.0892/DUK
111 ## - MAIN ENTRY--MEETING NAME
Location of meeting New library
9 (RLIN) 27013
245 ## - TITLE STATEMENT
Title Dukes' physiology domestic animals
942 ## - ADDED ENTRY ELEMENTS (KOHA)
Source of classification or shelving scheme Dewey Decimal Classification
Koha item type Books like text book referance book
Suppress in OPAC No
Holdings
Withdrawn status Lost status Source of classification or shelving scheme Damaged status Not for loan Home library Current library Date acquired Total Checkouts Full call number Barcode Date last seen Copy number Price effective from Koha item type
    Dewey Decimal Classification     College of Agriculture Library College of Agriculture Library 01/13/2022   636.0892/DUK ALIB0014879 01/13/2022 C 9 01/13/2022 Books like text book referance book
    Dewey Decimal Classification     College of Agriculture Library College of Agriculture Library 01/13/2022   636.0892/DUK ALIB0014878 01/13/2022 C 11 01/13/2022 Books like text book referance book